000 00348nam a2200145Ia 4500
008 210210b1975 xxu||||| |||| 00| 0 eng d
020 _a0 1400 2940 0
082 _a823.914 NAIM
100 _aNAIPAUL (V S).
245 _aMimic men.
260 _aEngland.
_bPenguin Books
_c1975
300 _a251
690 _aEnglish Fiction
906 _aSG01223
999 _c112648
_d112648